[Event "CRO-ch Women 2018"]
[Site "Zagreb"]
[Date "2018.05.25"]
[Round "3.1"]
[White "Vujnovic, Patricija"]
[Black "Saric, Kristina"]
[Result "1/2-1/2"]
[WhiteElo "2110"]
[BlackElo "2228"]
[PlyCount "27"]
[EventDate "2018.??.??"]
[WhiteClock "1:30:00"]
[BlackClock "1:30:00"]

1. d4 d5 2. Nf3 Nf6 3. Bf4 c5 4. e3 Nc6 5. c3 Qb6 6. Qc2 Bg4 7. dxc5 Qxc5 8.
Qb3 Na5 9. Qb5+ Qxb5 10. Bxb5+ Bd7 11. Bxd7+ Nxd7 12. Nbd2 e6 13. O-O Be7 14.
e4 1/2-1/2

[Event "CRO-ch Women 2018"]
[Site "Zagreb"]
[Date "2018.05.25"]
[Round "3.2"]
[White "Cvitan, Ena"]
[Black "Berke, Ana"]
[Result "0-1"]
[WhiteElo "2103"]
[BlackElo "2175"]
[PlyCount "80"]
[EventDate "2018.??.??"]
[WhiteClock "1:30:00"]
[BlackClock "1:30:00"]

1. d4 e6 2. Nf3 f5 3. g3 Nf6 4. Bg2 Be7 5. O-O O-O 6. b3 d6 7. Bb2 Ne4 8. Nbd2
Bf6 9. Ne1 Nxd2 10. Qxd2 Nc6 11. f4 Qe7 12. e4 e5 13. d5 Nb8 14. fxe5 Bxe5 15.
Bxe5 Qxe5 16. Nd3 Qd4+ 17. Kh1 g6 18. Rae1 Na6 19. e5 dxe5 20. Rxe5 Bd7 21. c3
Qb6 22. Rfe1 Rae8 23. Rxe8 Rxe8 24. Rxe8+ Bxe8 25. Qe2 Bf7 26. Qe5 Qd6 27. h4
Nb8 28. c4 Nd7 29. Qf4 b6 30. b4 Kg7 31. c5 Qxf4 32. gxf4 bxc5 33. bxc5 Nf6 34.
d6 cxd6 35. cxd6 Bxa2 36. Ne5 Kf8 37. Kg1 Bd5 38. Bf1 a5 39. Bb5 Be6 40. Nc4
Bxc4 0-1

[Event "CRO-ch Women 2018"]
[Site "Zagreb"]
[Date "2018.05.25"]
[Round "3.3"]
[White "Medic, Mirjana"]
[Black "Maroslavac, Ivana"]
[Result "1-0"]
[WhiteElo "2157"]
[BlackElo "1781"]
[PlyCount "99"]
[EventDate "2018.??.??"]
[WhiteClock "1:30:00"]
[BlackClock "1:30:00"]

1. d4 Nf6 2. Nf3 e6 3. c4 Bb4+ 4. Nc3 O-O 5. e3 b6 6. Bd3 Bb7 7. Bd2 d5 8. cxd5
Nxd5 9. O-O Nxc3 10. bxc3 Be7 11. Qe2 c5 12. e4 Nc6 13. Be3 cxd4 14. cxd4 Bf6
15. e5 Be7 16. Be4 Rc8 17. Rfd1 Na5 18. Bxb7 Nxb7 19. Qa6 Na5 20. d5 exd5 21.
Qxa7 Bc5 22. Bxc5 bxc5 23. Rac1 c4 24. Qd4 Nc6 25. Qxd5 Qxd5 26. Rxd5 Nb4 27.
Rd4 Nxa2 28. Rcxc4 Rxc4 29. Rxc4 Rb8 30. h3 h6 31. Nd4 Nb4 32. Nc6 Nxc6 33.
Rxc6 Rb1+ 34. Kh2 Re1 35. f4 Kf8 36. Kg3 Ke7 37. Kf2 Re4 38. Kf3 Re1 39. g4 g6
40. Rc3 g5 41. Rc7+ Kf8 42. Rc4 Rf1+ 43. Kg3 Re1 44. Kf2 Rh1 45. f5 Rxh3 46. f6
Ke8 47. Rc8+ Kd7 48. Rf8 Ke6 49. Re8+ Kd5 50. e6 1-0

[Event "CRO-ch Women 2018"]
[Site "Zagreb"]
[Date "2018.05.25"]
[Round "3.4"]
[White "Ivekovic, Tihana"]
[Black "Golub, Nikolina"]
[Result "1-0"]
[WhiteElo "2184"]
[BlackElo "1906"]
[PlyCount "151"]
[EventDate "2018.??.??"]
[WhiteClock "1:30:00"]
[BlackClock "0:19:41"]

1. d4 Nf6 2. c4 e6 3. Nf3 Bb4+ 4. Bd2 Qe7 5. g3 b6 6. Bg2 Bb7 7. O-O O-O 8. Nc3
d6 9. a3 Bxc3 10. Bxc3 Nbd7 11. Qc2 Rab8 12. Rfe1 Ne4 13. Red1 Ndf6 14. Be1
Rfd8 15. Nd2 Nxd2 16. Rxd2 Bxg2 17. Kxg2 d5 18. Rc1 c5 19. dxc5 bxc5 20. cxd5
exd5 21. f3 c4 22. Bf2 h6 23. Qf5 a6 24. Bd4 Qe6 25. Qf4 Nh5 26. Qe5 Nf6 27.
Bc3 Re8 28. Qd4 Re7 29. Bb4 Ree8 30. Bc3 Re7 31. Qf2 Rbe8 32. Bb4 Rd7 33. Bc3
Rde7 34. Qd4 Qc6 35. Rcc2 Rd7 36. Qh4 Re6 37. Bxf6 Rxf6 38. Qd4 Qb6 39. Rxc4
dxc4 40. Qxd7 Qb3 41. Qe8+ Kh7 42. Qe4+ g6 43. Qd4 Rc6 44. Qd5 Rf6 45. h4 h5
46. Qd4 Rc6 47. Qd7 Rf6 48. Qe8 Qb5 49. Qxb5 axb5 50. Kf2 Kg7 51. Ke3 Rc6 52.
Kd4 Kf6 53. Kc3 Ke6 54. Kb4 Rb6 55. Rd8 Ke7 56. Rd5 Re6 57. e4 Rc6 58. Rxb5 Rd6
59. Kxc4 Rd2 60. f4 Rg2 61. Rb3 Rc2+ 62. Kd4 Rd2+ 63. Ke3 Rg2 64. Kf3 Rd2 65.
a4 Rd4 66. Ra3 Rb4 67. a5 Rxb2 68. a6 Rb8 69. a7 Ra8 70. Ra6 Kd7 71. e5 Ke7 72.
Ke4 Kd7 73. Kd5 Kc7 74. Kc5 Kb7 75. Kb5 Kc7 76. Rf6 1-0

[Event "CRO-ch Women 2018"]
[Site "Zagreb"]
[Date "2018.05.25"]
[Round "3.5"]
[White "Spiranec, Noemi"]
[Black "Blazeka, Mihaela"]
[Result "1/2-1/2"]
[WhiteElo "1946"]
[BlackElo "2028"]
[PlyCount "106"]
[EventDate "2018.??.??"]
[WhiteClock "1:30:00"]
[BlackClock "1:30:00"]

1. d4 Nf6 2. c4 e6 3. g3 d5 4. Bg2 Be7 5. Nf3 O-O 6. O-O dxc4 7. Ne5 Nc6 8.
Bxc6 bxc6 9. Nxc6 Qd6 10. Nxe7+ Qxe7 11. Qa4 c5 12. Qa3 Bb7 13. Bg5 Rfc8 14.
Nc3 Kf8 15. dxc5 Qxc5 16. Qxc5+ Rxc5 17. Bxf6 gxf6 18. Rfd1 Ke7 19. Rd2 h5 20.
Rad1 Bc6 21. h4 f5 22. f3 a5 23. Kf2 Rb8 24. Rc1 Rb7 25. Rdc2 Rc7 26. e3 Rd7
27. Ne2 Bd5 28. Nf4 Rb5 29. Rd1 Rdb7 30. Rdd2 Rb8 31. Ke2 Rg8 32. Kf2 Rgb8 33.
Re2 Rb4 34. e4 fxe4 35. fxe4 c3 36. Nxd5+ exd5 37. exd5+ Kd6 38. bxc3 Rc4 39.
Red2 f5 40. Kf3 Rbc8 41. Rd3 R8c5 42. Rcd2 a4 43. Ke3 Rg4 44. Kf3 Rcc4 45. Re2
f4 46. Re6+ Kd7 47. gxf4 Rgxf4+ 48. Ke2 Rxh4 49. Rde3 Rc5 50. R6e5 Kd6 51. Re6+
Kd7 52. R6e5 Kd6 53. Re6+ Kd7 1/2-1/2

[Event "CRO-ch Women 2018"]
[Site "Zagreb"]
[Date "2018.05.25"]
[Round "3.6"]
[White "Smetisko, Marija"]
[Black "Koksa, Jelena"]
[Result "0-1"]
[WhiteElo "1889"]
[BlackElo "1600"]
[PlyCount "60"]
[EventDate "2018.??.??"]
[WhiteClock "1:30:00"]
[BlackClock "1:30:00"]

1. e4 e5 2. Nf3 Nc6 3. Bc4 Bc5 4. c3 Nf6 5. d3 a6 6. Nbd2 Ba7 7. Nf1 Ng4 8.
Bxf7+ Kf8 9. Bg5 Nxf2 10. Qe2 Ne7 11. Nxe5 h6 12. Qf3 hxg5 13. Be6+ Nf5 14.
Qxf5+ Qf6 15. Ng6+ Ke8 16. Nxh8 dxe6 17. Qh7 Nxh1 18. Ng6 b5 19. d4 Bb7 20. Nd2
Nf2 21. Ke2 c5 22. Rf1 cxd4 23. Nf3 d3+ 24. Ke1 Bxe4 25. Nfe5 Bxg6 26. Qg8+ Ke7
27. Nc6+ Kd7 28. Qxa8 d2+ 29. Kxd2 Qf4+ 30. Ke1 Qe3# 0-1

[Event "CRO-ch Women 2018"]
[Site "Zagreb"]
[Date "2018.05.25"]
[Round "3.7"]
[White "Muha, Magdalena"]
[Black "Dasic, Jelena"]
[Result "1/2-1/2"]
[WhiteElo "1621"]
[BlackElo "1806"]
[PlyCount "108"]
[EventDate "2018.??.??"]
[WhiteClock "1:30:00"]
[BlackClock "1:30:00"]

1. d4 d5 2. c4 e6 3. Nc3 c6 4. Nf3 dxc4 5. e3 b5 6. a4 Bb4 7. Bd2 Bxc3 8. Bxc3
a5 9. b4 axb4 10. Bxb4 Nf6 11. Ne5 Nd5 12. Qf3 Qf6 13. Bd6 Qxf3 14. gxf3 Bd7
15. e4 Nc3 16. a5 f6 17. Nxd7 Nxd7 18. Bb4 Na4 19. Bxc4 Nb2 20. Be2 e5 21. Ra2
Nc4 22. Bxc4 bxc4 23. Bc3 Kf7 24. Ke2 Rhb8 25. dxe5 fxe5 26. Rd1 Ke6 27. Rad2
Nc5 28. Rd6+ Kf7 29. Rxc6 Rb3 30. Rxc5 Rxc3 31. Rxe5 Rb8 32. Rd7+ Kf8 33. Rf5+
Ke8 34. Rd2 Rc1 35. Re5+ Kf8 36. Rf5+ Ke8 37. a6 c3 38. a7 Ra8 39. Re5+ Kf8 40.
Rf5+ Ke8 41. Ra2 Rb1 42. Rc5 Rb2+ 43. Rxb2 cxb2 44. Rb5 Rxa7 45. Rxb2 Ra1 46.
Rb5 g6 47. Rb7 h5 48. Rg7 Rg1 49. f4 Kf8 50. Ra7 Rh1 51. Ra8+ Kf7 52. Ra7+ Kf8
53. Ra8+ Kf7 54. Ra7+ Kf8 1/2-1/2

[Event "CRO-ch Women 2018"]
[Site "Zagreb"]
[Date "2018.05.25"]
[Round "3.8"]
[White "Radikovic, Anamarija"]
[Black "Smetisko, Lucija"]
[Result "1/2-1/2"]
[WhiteElo "1801"]
[BlackElo "1548"]
[PlyCount "121"]
[EventDate "2018.??.??"]
[WhiteClock "1:30:00"]
[BlackClock "1:30:00"]

1. d4 d5 2. c4 Nf6 3. Nc3 Bf5 4. Bg5 Ne4 5. Bf4 Nxc3 6. bxc3 e6 7. e3 Be7 8.
Nf3 O-O 9. Be2 Nd7 10. O-O dxc4 11. Bxc4 Nb6 12. Bd3 Bxd3 13. Qxd3 c5 14. e4 c4
15. Qe2 Rc8 16. a4 Nd7 17. a5 h6 18. Rfb1 b6 19. axb6 axb6 20. Bg3 Qe8 21. Nd2
Qd8 22. Nxc4 Ra8 23. h3 Rxa1 24. Rxa1 Qc8 25. Qd3 Rd8 26. Ne3 e5 27. Nd5 Bd6
28. Qf3 Re8 29. Rb1 Qc6 30. Bh4 exd4 31. cxd4 Kf8 32. Re1 Qxd5 33. g4 Qb7 34.
Qd3 Be7 35. Bg3 Nf6 36. e5 Ng8 37. d5 Bc5 38. e6 fxe6 39. dxe6 Qc6 40. Qf5+ Nf6
41. Bh4 Bd4 42. Bxf6 Bxf6 43. h4 Qc5 44. Qg6 Qc7 45. g5 hxg5 46. hxg5 Bb2 47.
Kg2 Re7 48. Qb1 Bd4 49. Qf5+ Ke8 50. Qb5+ Kf8 51. Qf5+ Kg8 52. f3 Qc3 53. Re2
b5 54. Qxb5 g6 55. Qb8+ Kg7 56. Qh2 Qc5 57. Qh6+ Kg8 58. Ra2 Qd5 59. Qxg6+ Rg7
60. Qe8+ Kh7 61. Qh5+ 1/2-1/2

[Event "CRO-ch Women 2018"]
[Site "Zagreb"]
[Date "2018.05.25"]
[Round "3.9"]
[White "Bevanda, Ema"]
[Black "Ivekovic, Zvjezdana"]
[Result "0-1"]
[WhiteElo "1471"]
[BlackElo "1708"]
[PlyCount "90"]
[EventDate "2018.??.??"]
[WhiteClock "1:30:00"]
[BlackClock "1:30:00"]

1. d4 d5 2. Bf4 e6 3. e3 Bd6 4. Bg3 Nf6 5. Nf3 Bd7 6. Bd3 Nc6 7. Nbd2 Qe7 8. c3
e5 9. dxe5 Nxe5 10. Nxe5 Bxe5 11. Nf3 Bxg3 12. hxg3 c5 13. Qc2 h6 14. Rd1 O-O-O
15. O-O h5 16. c4 dxc4 17. Bxc4 Ng4 18. Rc1 h4 19. gxh4 Rxh4 20. Bd5 b6 21.
Nxh4 Qxh4 22. Rfd1 Rh8 23. Kf1 Bb5+ 24. Ke1 Nxe3 25. Qe4 Qxe4 26. Bxe4 Nxd1 27.
Rxd1 Re8 28. f3 Bc6 29. Kf2 Bxe4 30. fxe4 Rxe4 31. a3 Kc7 32. Rd2 Kc6 33. Kf3
Rd4 34. Re2 a5 35. Ke3 Rd7 36. Rc2 Kb5 37. Rc3 Ka4 38. Ke2 Rd5 39. Ke3 Rg5 40.
Kf3 b5 41. g4 c4 42. Kf4 Rd5 43. Ke3 Rd3+ 44. Rxd3 cxd3 45. Kxd3 Kb3 0-1

[Event "CRO-ch Women 2018"]
[Site "Zagreb"]
[Date "2018.05.25"]
[Round "3.10"]
[White "Spilek, Kristina"]
[Black "Purkic, Ruza"]
[Result "0-1"]
[WhiteElo "1444"]
[BlackElo "1434"]
[PlyCount "56"]
[EventDate "2018.??.??"]
[WhiteClock "1:30:00"]
[BlackClock "1:30:00"]

1. e4 c5 2. Nf3 g6 3. d4 cxd4 4. Nxd4 Nc6 5. Be3 Bg7 6. c3 Nf6 7. f3 d5 8. Nxc6
bxc6 9. exd5 cxd5 10. Bb5+ Bd7 11. Bxd7+ Qxd7 12. Nd2 Qb5 13. Qb3 Qc6 14. O-O
O-O 15. Rfe1 Rfb8 16. Qc2 e6 17. Rad1 Nd7 18. Bf2 a5 19. Nb3 a4 20. Nd4 Qb7 21.
Re2 e5 22. Bg3 Re8 23. Bxe5 Rxe5 24. Rxe5 Nxe5 25. b3 a3 26. f4 Ng4 27. Qe2 Nf6
28. Nc2 Ne4 0-1

[Event "CRO-ch Women 2018"]
[Site "Zagreb"]
[Date "2018.05.25"]
[Round "3.11"]
[White "Raguz, Ivanka"]
[Black "Arnold, Dora"]
[Result "1-0"]
[WhiteElo "1735"]
[BlackElo "1347"]
[PlyCount "79"]
[EventDate "2018.??.??"]
[WhiteClock "1:30:00"]
[BlackClock "1:30:00"]

1. d4 d5 2. c4 c6 3. Nc3 Nf6 4. Nf3 e6 5. Bg5 Be7 6. e3 Nbd7 7. Bd3 O-O 8. O-O
h6 9. Bf4 Re8 10. h3 Nf8 11. Ne5 Bd6 12. c5 Bxe5 13. dxe5 N6d7 14. Qg4 g6 15.
b4 a5 16. Bxh6 Nxe5 17. Qd4 f6 18. b5 Nxd3 19. Qxd3 Kh7 20. Bf4 cxb5 21. Nxb5
e5 22. Bh2 Be6 23. Nd6 Re7 24. h4 b6 25. h5 bxc5 26. hxg6+ Nxg6 27. Nf5 Rb7 28.
Rab1 Rab8 29. Rxb7+ Rxb7 30. g4 Qd7 31. f3 Rb2 32. Nh4 e4 33. Qc3 Rxa2 34. Nxg6
Kxg6 35. fxe4 d4 36. Qxc5 dxe3 37. Qh5+ Kg7 38. g5 fxg5 39. Be5+ Kg8 40. Qg6+
1-0

[Event "CRO-ch Women 2018"]
[Site "Zagreb"]
[Date "2018.05.25"]
[Round "3.12"]
[White "Putar, Lara"]
[Black "Smetisko, Renata"]
[Result "1/2-1/2"]
[WhiteElo "1571"]
[BlackElo "1157"]
[PlyCount "127"]
[EventDate "2018.??.??"]
[WhiteClock "1:30:00"]
[BlackClock "1:30:00"]

1. d4 d5 2. c4 e6 3. Nf3 Nf6 4. g3 g6 5. Bg2 Bg7 6. O-O dxc4 7. Bg5 h6 8. Bf4
Nc6 9. Nc3 O-O 10. Qd2 Kh7 11. Rfd1 Nd5 12. Nxd5 exd5 13. Rac1 Bf5 14. h4 Qe7
15. Kh2 Rfe8 16. Be3 Be4 17. Rh1 Bxf3 18. Bxf3 Rad8 19. Kg1 Qf6 20. g4 Nxd4 21.
Kg2 Nxf3 22. exf3 Qxb2 23. Bxh6 Qxd2 24. Bxd2 Re2 25. Bf4 c6 26. h5 Bd4 27.
hxg6+ Kxg6 28. Rh6+ Kg7 29. Rch1 Rxf2+ 30. Kg3 Rxa2 31. Rh7+ Kg8 32. Be3 Bc3
33. g5 Rd7 34. g6 Re7 35. Bc5 Rd7 36. R1h5 fxg6 37. Rxd7 gxh5 38. Rxb7 Be5+ 39.
f4 Rb2 40. Rxa7 Rb3+ 41. Kh4 Bxf4 42. Ra8+ Rb8 43. Ra6 c3 44. Rxc6 Ra8 45. Bd4
Ra4 46. Bxc3 Be5+ 47. Kxh5 Bxc3 48. Rxc3 Kf7 49. Kg5 Ke6 50. Re3+ Kd6 51. Kf5
Kc5 52. Re8 Kd4 53. Rd8 Ra5 54. Kf4 Kd3 55. Kf3 d4 56. Kf2 Ra4 57. Ke1 Ra2 58.
Rh8 Ra1+ 59. Kf2 Kd2 60. Rh2 Kc3 61. Rh8 Kd2 62. Rd8 d3 63. Rd7 Re1 64. Rxd3+
1/2-1/2

[Event "CRO-ch Women 2018"]
[Site "Zagreb"]
[Date "2018.05.26"]
[Round "4.1"]
[White "Berke, Ana"]
[Black "Medic, Mirjana"]
[Result "1-0"]
[WhiteElo "2175"]
[BlackElo "2157"]
[PlyCount "123"]
[EventDate "2018.??.??"]
[WhiteClock "1:30:00"]
[BlackClock "1:30:00"]

1. d4 d5 2. Bf4 Nf6 3. e3 e6 4. c3 Bd6 5. Bg3 Ne4 6. Bd3 Nd7 7. Nd2 Bxg3 8.
hxg3 Nxd2 9. Qxd2 e5 10. dxe5 Nxe5 11. O-O-O Be6 12. f4 Nxd3+ 13. Qxd3 Qd7 14.
Rxh7 Rxh7 15. Qxh7 O-O-O 16. Qxg7 Bf5 17. Qd4 Kb8 18. Nf3 Qe7 19. Rh1 c5 20.
Qe5+ Qxe5 21. Nxe5 f6 22. Nf7 Rd7 23. Rh8+ Kc7 24. Rf8 Be4 25. Nh6 Rg7 26. Rf7+
Rxf7 27. Nxf7 Bxg2 28. Nh6 Be4 29. Ng4 f5 30. Ne5 Kd6 31. Kd2 Ke6 32. a3 Kd6
33. Nf7+ Ke7 34. Ng5 Bb1 35. Nh3 Kd6 36. Nf2 Ba2 37. Nd3 Bb1 38. Nf2 Ba2 39.
Kc2 Bc4 40. Nd3 Bb5 41. Kd2 Ba4 42. Ne5 Be8 43. g4 fxg4 44. Nxg4 Ke6 45. Nf2
Bg6 46. b4 b6 47. bxc5 bxc5 48. Nd3 Kd6 49. Ne5 Be4 50. c4 d4 51. Nf7+ Kc6 52.
Ng5 Bb1 53. exd4 cxd4 54. Ne6 d3 55. f5 Kd6 56. Nd4 Ke5 57. c5 a6 58. c6 Kd6
59. f6 Ba2 60. Kxd3 Bd5 61. Ke3 Bf7 62. Kf4 1-0

[Event "CRO-ch Women 2018"]
[Site "Zagreb"]
[Date "2018.05.26"]
[Round "4.2"]
[White "Saric, Kristina"]
[Black "Ivekovic, Tihana"]
[Result "0-1"]
[WhiteElo "2228"]
[BlackElo "2184"]
[PlyCount "108"]
[EventDate "2018.??.??"]
[WhiteClock "1:30:00"]
[BlackClock "1:30:00"]

1. e4 c5 2. Nf3 e6 3. c4 Nc6 4. Be2 Nf6 5. Nc3 d5 6. exd5 exd5 7. d4 cxd4 8.
Nxd4 Bc5 9. Nxc6 bxc6 10. cxd5 cxd5 11. O-O O-O 12. Bg5 d4 13. Na4 Be7 14. Bf3
Rb8 15. Bf4 Rb5 16. Rc1 Bb7 17. Qd3 Qa5 18. b3 Bxf3 19. Qxf3 Rd5 20. Rfd1 Bd6
21. Bxd6 Rxd6 22. Qf4 Qd8 23. h3 Re8 24. Nc5 Rd5 25. Rd2 h6 26. b4 Nh5 27. Qf3
Nf6 28. Rcd1 Qb8 29. a3 a5 30. Qb3 Rxc5 31. Rxd4 Rce5 32. Qc3 axb4 33. axb4 Qb5
34. Rc4 Re1+ 35. Rxe1 Rxe1+ 36. Kh2 Qe5+ 37. Qxe5 Rxe5 38. g3 Rb5 39. Kg2 Nd5
40. h4 Rxb4 41. Rc8+ Kh7 42. Rc2 h5 43. Rd2 Nf6 44. Re2 Kg6 45. Rc2 Ng4 46.
Rc6+ f6 47. Rc2 Rb5 48. Re2 Rf5 49. Rb2 Rxf2+ 50. Rxf2 Nxf2 51. Kxf2 Kf5 52.
Kf3 g6 53. Kf2 Kg4 54. Kg2 f5 0-1

[Event "CRO-ch Women 2018"]
[Site "Zagreb"]
[Date "2018.05.26"]
[Round "4.3"]
[White "Blazeka, Mihaela"]
[Black "Vujnovic, Patricija"]
[Result "1-0"]
[WhiteElo "2028"]
[BlackElo "2110"]
[PlyCount "69"]
[EventDate "2018.??.??"]
[WhiteClock "1:20:00"]
[BlackClock "1:30:00"]

1. e4 c6 2. d4 d5 3. Nc3 dxe4 4. Nxe4 Bf5 5. Ng3 Bg6 6. h4 h6 7. h5 Bh7 8. Nf3
Nd7 9. Bd3 Bxd3 10. Qxd3 e6 11. Bd2 Ngf6 12. O-O-O Be7 13. Kb1 a5 14. Nh4 Nb6
15. f4 Ng4 16. Qf3 Nf2 17. Qxf2 Bxh4 18. f5 O-O 19. Qf4 Bg5 20. Qg4 Bxd2 21.
Rxd2 exf5 22. Nxf5 Qf6 23. Rd3 Nd5 24. Rg3 Kh8 25. c4 Nb6 26. Ne3 Rg8 27. Rf1
Qe7 28. Qf4 Rae8 29. Qxf7 Qe4+ 30. Nc2 Qe6 31. b3 a4 32. Rg6 Qe4 33. Re1 Ref8
34. Qxg8+ Kxg8 35. Rxe4 1-0

[Event "CRO-ch Women 2018"]
[Site "Zagreb"]
[Date "2018.05.26"]
[Round "4.4"]
[White "Ivekovic, Zvjezdana"]
[Black "Cvitan, Ena"]
[Result "0-1"]
[WhiteElo "1708"]
[BlackElo "2103"]
[PlyCount "40"]
[EventDate "2018.??.??"]
[WhiteClock "1:30:00"]
[BlackClock "1:30:00"]

1. b3 e5 2. Bb2 Nc6 3. e3 d5 4. Bb5 Bd6 5. Nf3 Qe7 6. Nc3 Nf6 7. Ne2 O-O 8. Ng3
Bg4 9. h3 Bd7 10. O-O e4 11. Bxc6 bxc6 12. Bxf6 Qxf6 13. Nd4 Qg6 14. Nde2 h5
15. h4 Bg4 16. Qe1 Rae8 17. Kh1 Qf6 18. f3 Qxh4+ 19. Kg1 exf3 20. gxf3 Bh3 0-1

[Event "CRO-ch Women 2018"]
[Site "Zagreb"]
[Date "2018.05.26"]
[Round "4.5"]
[White "Maroslavac, Ivana"]
[Black "Purkic, Ruza"]
[Result "1-0"]
[WhiteElo "1781"]
[BlackElo "1434"]
[PlyCount "87"]
[EventDate "2018.??.??"]
[WhiteClock "1:30:00"]
[BlackClock "1:30:00"]

1. e4 c5 2. Nf3 a6 3. d4 cxd4 4. Nxd4 Nf6 5. Nc3 e5 6. Nb3 Nc6 7. a3 Ne7 8. g3
d5 9. exd5 Nexd5 10. Nxd5 Qxd5 11. Qxd5 Nxd5 12. Bg2 Nf6 13. O-O Bd6 14. Rd1
Bc7 15. Bg5 O-O 16. Nc5 Rb8 17. Bxf6 gxf6 18. Nd7 Bxd7 19. Rxd7 Bb6 20. Rad1 a5
21. Rxb7 Rxb7 22. Bxb7 Rd8 23. Rxd8+ Bxd8 24. Kf1 Be7 25. Ke2 Bc5 26. f3 Kf8
27. Kd3 Ke7 28. Kc4 Bd6 29. g4 h6 30. h3 Kd7 31. Kb5 Bc7 32. b4 axb4 33. axb4
Kd6 34. c4 Bd8 35. Bd5 Kc7 36. Bxf7 Be7 37. Bd5 Bf8 38. c5 Be7 39. Kc4 Bf8 40.
Be4 Be7 41. Kd5 Kd7 42. Bf5+ Kc7 43. Ke6 Bd8 44. Be4 1-0

[Event "CRO-ch Women 2018"]
[Site "Zagreb"]
[Date "2018.05.26"]
[Round "4.6"]
[White "Koksa, Jelena"]
[Black "Radikovic, Anamarija"]
[Result "0-1"]
[WhiteElo "1600"]
[BlackElo "1801"]
[PlyCount "60"]
[EventDate "2018.??.??"]
[WhiteClock "1:30:00"]
[BlackClock "1:30:00"]

1. e4 c5 2. Nf3 e6 3. d4 cxd4 4. Nxd4 a6 5. a3 Nf6 6. Nc3 Qc7 7. Be3 b5 8. f3
Bb7 9. Qd2 Be7 10. O-O-O Nc6 11. g4 d6 12. h4 Rc8 13. h5 h6 14. Be2 Nxd4 15.
Bxd4 e5 16. Be3 d5 17. exd5 Nxd5 18. Nxd5 Bxd5 19. Kb1 Be6 20. f4 O-O 21. f5
Rfd8 22. Qc1 Bd5 23. Rhf1 b4 24. axb4 Bxb4 25. Rxd5 Rxd5 26. c4 Ra5 27. f6 Qc6
28. Bd3 Qa4 29. fxg7 e4 30. Rxf7 Qa1+ 0-1

[Event "CRO-ch Women 2018"]
[Site "Zagreb"]
[Date "2018.05.26"]
[Round "4.7"]
[White "Dasic, Jelena"]
[Black "Spiranec, Noemi"]
[Result "0-1"]
[WhiteElo "1806"]
[BlackElo "1946"]
[PlyCount "64"]
[EventDate "2018.??.??"]
[WhiteClock "1:30:00"]
[BlackClock "1:30:00"]

1. d4 Nf6 2. Bf4 e6 3. e3 d5 4. Nd2 c5 5. c3 Nc6 6. Ngf3 Bd6 7. Bg3 O-O 8. Bd3
b6 9. Ne5 Bb7 10. f4 Ne7 11. Qf3 Nf5 12. h4 Be7 13. Bf2 Nd6 14. g4 Nfe4 15. g5
f5 16. gxf6 Rxf6 17. Bxe4 dxe4 18. Qg4 cxd4 19. Rg1 Nf5 20. cxd4 Qc7 21. h5 Bd6
22. Ndc4 Bb4+ 23. Ke2 b5 24. a3 Bd5 25. axb4 Bxc4+ 26. Kd2 Qd6 27. Kc3 Bd5 28.
Kc2 Qxb4 29. Qg5 Qb3+ 30. Kb1 Rc8 31. Rc1 Rff8 32. Rc5 Qd1+ 0-1

[Event "CRO-ch Women 2018"]
[Site "Zagreb"]
[Date "2018.05.26"]
[Round "4.9"]
[White "Golub, Nikolina"]
[Black "Bevanda, Ema"]
[Result "1-0"]
[WhiteElo "1906"]
[BlackElo "1471"]
[PlyCount "93"]
[EventDate "2018.??.??"]
[WhiteClock "1:30:00"]
[BlackClock "1:30:00"]

1. d4 d5 2. c4 e6 3. g3 Nf6 4. Bg2 Be7 5. Nf3 O-O 6. Qc2 c5 7. cxd5 Nxd5 8.
dxc5 Qa5+ 9. Bd2 Qxc5 10. Qxc5 Bxc5 11. a3 a5 12. O-O Nc6 13. Nc3 Nxc3 14. Bxc3
Bd7 15. Rac1 Ba7 16. b4 axb4 17. axb4 Rfc8 18. Rfd1 Be8 19. Ng5 h6 20. Ne4 Bb8
21. Be1 Be5 22. Nd6 Bxd6 23. Rxd6 Rd8 24. Rxd8 Rxd8 25. e3 Rb8 26. f4 f5 27.
Bc3 Nd8 28. Be5 Ra8 29. Rc7 Nf7 30. Bxb7 Rd8 31. Bd4 Ba4 32. Bc8 Bb3 33. b5 Nd6
34. Bd7 Bd5 35. b6 Rb8 36. Bc6 Bxc6 37. Rxc6 Nb5 38. Be5 Rb7 39. Rxe6 Kf7 40.
Rc6 Rd7 41. Rc5 Nd6 42. Bxd6 Rxd6 43. Rxf5+ Ke6 44. Rb5 Rd8 45. e4 Ke7 46. Kf2
Rb8 47. Ke3 1-0

[Event "CRO-ch Women 2018"]
[Site "Zagreb"]
[Date "2018.05.26"]
[Round "4.10"]
[White "Komljenovic, Kristina"]
[Black "Raguz, Ivanka"]
[Result "0-1"]
[WhiteElo "1450"]
[BlackElo "1735"]
[PlyCount "54"]
[EventDate "2018.??.??"]
[WhiteClock "1:30:00"]
[BlackClock "1:30:00"]

1. e4 Nf6 2. d3 d5 3. exd5 Nxd5 4. Nf3 Bg4 5. Be2 Nc6 6. O-O Qd7 7. Re1 O-O-O
8. h3 Bf5 9. c4 Ndb4 10. a3 Nxd3 11. Bxd3 Bxd3 12. Ne5 Nxe5 13. Rxe5 e6 14. b3
Bxb1 15. Qxd7+ Rxd7 16. Rxb1 Rd1+ 17. Kh2 Bd6 18. Bf4 Rxb1 19. Re4 Rxb3 20. a4
f5 21. Rxe6 Bxf4+ 22. g3 Bd6 23. f4 Rd8 24. Re2 Bb4 25. Kg1 Rd1+ 26. Kg2 Rd2
27. Rxd2 Bxd2 0-1

[Event "CRO-ch Women 2018"]
[Site "Zagreb"]
[Date "2018.05.26"]
[Round "4.11"]
[White "Arnold, Dora"]
[Black "Putar, Lara"]
[Result "1-0"]
[WhiteElo "1347"]
[BlackElo "1571"]
[PlyCount "205"]
[EventDate "2018.??.??"]
[WhiteClock "1:30:00"]
[BlackClock "1:30:00"]

1. e4 e6 2. d4 d5 3. Nc3 Bb4 4. e5 c5 5. Nf3 Nc6 6. Be2 cxd4 7. Nxd4 Nxe5 8.
Bf4 Nc6 9. Bb5 Bd7 10. O-O Nge7 11. Bxc6 Bxc6 12. Ncb5 O-O 13. c3 Bc5 14. a4 a6
15. b4 axb5 16. bxc5 bxa4 17. Nxc6 Nxc6 18. Rxa4 Rc8 19. Qb3 Qd7 20. Bd6 Rfe8
21. Rb1 Ra8 22. Rba1 Rxa4 23. Qxa4 b6 24. Rb1 bxc5 25. Bxc5 h6 26. Rb6 Ne5 27.
Qa6 Qc7 28. Bd4 Nc4 29. Rb7 Rb8 30. Rb4 Rxb4 31. cxb4 Nd2 32. Qa1 Nb3 33. Qc3
Qc4 34. Bxg7 Qxc3 35. Bxc3 d4 36. Bb2 d3 37. Kf1 Kf8 38. f3 Ke7 39. Kf2 Kd6 40.
Ke3 d2 41. Ke2 f5 42. Bc3 e5 43. Bxd2 h5 44. Kd3 Kd5 45. Kc3 Nd4 46. Be3 Nb5+
47. Kd3 Na3 48. h3 f4 49. Bf2 Nb5 50. g4 fxg3 51. Bxg3 Nd4 52. f4 exf4 53. Bxf4
Nb5 54. Bg3 Na3 55. Be1 Nb5 56. Ke3 Ke5 57. Kf3 Kf5 58. Kg3 Kg5 59. Bd2+ Kf5
60. Kh4 Kg6 61. Kg3 Kf5 62. Be1 Nd4 63. h4 Nb5 64. Bf2 Ke4 65. Bg1 Nc3 66. Bc5
Nb5 67. Kf2 Nc3 68. Be7 Kf4 69. Bg5+ Ke4 70. Bf6 Nb5 71. Ke2 Kf5 72. Bg5 Ke4
73. Kd2 Kd4 74. Bf6+ Kc4 75. Be7 Kd4 76. Bc5+ Ke4 77. Kc2 Kd5 78. Kb3 Nc7 79.
Ka4 Kc4 80. Ka5 Nb5 81. Kb6 Nc3 82. Kc6 Nb5 83. Kd7 Kd5 84. Ke7 Ke5 85. Kf7 Kf5
86. Be7 Nc7 87. Kg7 Nb5 88. Kh6 Kg4 89. Kg6 Nc7 90. Bg5 Nb5 91. Kf6 Nc3 92. Ke5
Kf3 93. Kd4 Nb5+ 94. Kc5 Nc7 95. b5 Ne6+ 96. Kd6 Nxg5 97. hxg5 h4 98. b6 h3 99.
b7 h2 100. b8=Q Kg2 101. g6 Kg1 102. Qb1+ Kg2 103. g7 1-0

[Event "CRO-ch Women 2018"]
[Site "Zagreb"]
[Date "2018.05.26"]
[Round "5.1"]
[White "Ivekovic, Tihana"]
[Black "Berke, Ana"]
[Result "1/2-1/2"]
[WhiteElo "2184"]
[BlackElo "2175"]
[PlyCount "60"]
[EventDate "2018.??.??"]
[WhiteClock "1:30:00"]
[BlackClock "1:30:00"]

1. d4 f5 2. c4 Nf6 3. g3 g6 4. Nc3 Bg7 5. Bg2 d6 6. Nf3 O-O 7. O-O c6 8. d5 e5
9. dxe6 Bxe6 10. Qd3 Na6 11. Ng5 Qe7 12. Qe3 Rfe8 13. Qxe6+ Qxe6 14. Nxe6 Rxe6
15. Rb1 Nc5 16. Be3 Nfe4 17. Nxe4 Nxe4 18. Rfd1 a5 19. Rd3 a4 20. Kf1 h6 21.
Ra3 d5 22. cxd5 cxd5 23. Rd3 Ra5 24. Bd4 Rc6 25. Bxg7 Kxg7 26. f3 Nf6 27. Ke1
Kf7 28. Kd2 Ke6 29. a3 Rac5 30. Rc3 d4 1/2-1/2

[Event "CRO-ch Women 2018"]
[Site "Zagreb"]
[Date "2018.05.26"]
[Round "5.2"]
[White "Medic, Mirjana"]
[Black "Blazeka, Mihaela"]
[Result "1-0"]
[WhiteElo "2157"]
[BlackElo "2028"]
[PlyCount "69"]
[EventDate "2018.??.??"]
[WhiteClock "1:30:00"]
[BlackClock "1:30:00"]

1. d4 Nf6 2. Nf3 e6 3. e3 b6 4. Bd3 Bb7 5. O-O d6 6. c4 Nbd7 7. Nc3 e5 8. d5
Nc5 9. Bc2 a5 10. a3 Bc8 11. e4 Bg4 12. Be3 Nfd7 13. h3 Bh5 14. g4 Bg6 15. b4
Nb7 16. Ba4 h5 17. g5 f6 18. Nh4 Kf7 19. Nxg6 Kxg6 20. Qf3 Kf7 21. Qf5 Ke8 22.
Bc6 Qc8 23. gxf6 gxf6 24. Kh2 Be7 25. Rg1 Kd8 26. Nb5 Nf8 27. Qf3 f5 28. exf5
Bf6 29. Rab1 Ke7 30. Bg5 axb4 31. axb4 Ra2 32. Bxf6+ Kxf6 33. Nc3 Rc2 34. Ne4+
Kf7 35. Qg3 1-0